000 00404nam a2200181Ia 4500
001 10480
005 20260306161835.0
008 260306t1986||||xx |||||||||||||| ||spa||
041 _aESP
082 _a936.4
_bK84
100 _aKruta, Venceslas
_eAUT
245 0 _aLos celtas
260 _c1986
300 _a164 páginas :
_c20 cm.
650 _aGEN
654 _aCHU
942 _cLIB
_dJUS
_fJUS
_2ddc
_n
999 _c10480
_d10480